Sports Quiz

Random Sports or WWE Quiz
Score 0/97 Timer 10:00
2 Plays Today
% Correct
Royal Rumble won by John Cena (Undertaker eliminated by Shawn Michaels)
96.7%
Royal Rumble won by Triple H (Undertaker eliminated by Maven)
94.3%
Triple H
94.2%
Triple H
94.2%
Triple H
94.2%
Hunter Hearst Helmsley
94.2%
Shawn Michaels
93.7%
Royal Rumble winner (last eliminated Shawn Michaels)
93.7%
Shawn Michaels
93.7%
Shawn Michaels
93.7%
John Cena
93.3%
Royal Rumble won by Randy Orton (Undertaker eliminated by Roman Reigns)
93.3%
Kane
92.8%
Kane
92.8%
Kane
92.8%
Kane
92.8%
Isaac Yankem
92.8%
Kane
92.8%
Royal Rumble won by Randy Orton (Undertaker eliminated by Big Show)
91.6%
Royal Rumble won by Ric Flair (Undertaker eliminated by Hulk Hogan)
90.6%
Royal Rumble won by Brock Lesnar (last eliminated Undertaker)
90.5%
Brock Lesnar
90.5%
Brock Lesnar
90.4%
Roman Reigns
88.4%
Randy Orton
86.3%
Randy Orton
86.3%
AJ Styles
86.2%
Royal Rumble won by Steve Austin (Undertaker eliminated by Rikishi)
84.1%
Big Show
84.1%
Big Show
84.1%
Big Show
84.1%
Royal Rumble won by Hulk Hogan (Undertaker eliminated by Hawk & Animal)
83.4%
Edge
83.5%
% Correct
Edge
83.5%
Royal Rumble won by Steve Austin (Undertaker eliminated by Steve Austin)
83.4%
Stone Cold Steve Austin
83.4%
Stone Cold Steve Austin
83.4%
Hulk Hogan
82.8%
Shane McMahon
81.6%
Ric Flair
81.6%
CM Punk
80.3%
Batista
79.4%
Batista
79.4%
The Rock
79.1%
Bray Wyatt
79.1%
Bray Wyatt
78.7%
Shane McMahon
76.4%
Royal Rumble won by Yokozuna (Undertaker eliminated by Giant Gonzalez)
75.8%
Bret Hart
72.9%
Bret Hart
72.9%
Bret Hart
72.9%
Mr. McMahon
71.9%
Big Boss Man
69%
Giant Gonzalez
68.3%
Giant Gonzalez
68.3%
Diesel
67.6%
Mark Henry
67%
Kurt Angle
66.3%
Kurt Angle
66.3%
Mankind
63.7%
Mankind
63.7%
Chris Jericho
61.4%
Yokozuna
61.2%
Yokozuna
61.2%
Yokozuna
61.2%
Jimmy Snuka
60.5%
% Correct
Sycho Sid
58.5%
Jake Roberts
58.5%
A-Train
57%
A-Train
57%
Rey Mysterio
55%
Booker T
54.4%
Luke Harper
50.8%
King Kong Bundy
50%
John Bradshaw Layfield
46.4%
Rob Van Dam
42.5%
'The Undertaker'
41.2%
X-Pac
33.8%
Jerry Lawler
33.2%
Kama
32.7%
Test
32.1%
Dusty Rhodes
31.2%
Vader
30.8%
Diamond Dallas Page
30.3%
King Mabel
29.6%
Jim Neidhart
28.7%
Mr. Kennedy
25.9%
Kamala
24.7%
Kamala
24.7%
Heidenreich
22%
Heidenreich
22%
Koko B. Ware
21.4%
Irwin R. Schyster
21.2%
Chris Kanyon
21%
Crush
20%
Quebecer Jacques
14.4%
Ludvig Borga
14.3%
Remove Ads.
Support Sporcle.
Get the best of Sporcle when you Go Orange. This ad-free experience offers more features, more stats, and more fun while also helping to support Sporcle. Thank you for becoming a member.

You're not logged in!

Compare scores with friends on all Sporcle quizzes.
OR
Log In

Show Comments

Extras

Top Quizzes Today


Score Distribution

Your Account Isn't Verified!

In order to create a playlist on Sporcle, you need to verify the email address you used during registration. Go to your Sporcle Settings to finish the process.

Report this User

Report this user for behavior that violates our Community Guidelines.

Details: